Management and organizational development; the path form XA to YB (Record no. 340133)

000 -LEADER
fixed length control field 00377cam a22001217a 4500
008 - FIXED-LENGTH DATA ELEMENTS--GENERAL INFORMATION
fixed length control field 180718b1971 xxu||||| |||| 00| 0 eng d
082 ## - DEWEY DECIMAL CLASSIFICATION NUMBER
Classification number I513 Ar39m
100 ## - MAIN ENTRY--PERSONAL NAME
Personal name Argyris, Chris
245 ## - TITLE STATEMENT
Title Management and organizational development; the path form XA to YB
Statement of responsibility, etc. by Chris Argyris
260 ## - PUBLICATION, DISTRIBUTION, ETC.
Place of publication, distribution, etc. New York
Name of publisher, distributor, etc. McGraw-Hill
Date of publication, distribution, etc. 1971
300 ## - PHYSICAL DESCRIPTION
Extent 211p.
650 ## - SUBJECT ADDED ENTRY--TOPICAL TERM
Topical term or geographic name entry element Administrative Organisation
Holdings
Withdrawn status Lost status Damaged status Not for loan Permanent Location Current Location Date acquired Full call number Barcode Date last seen Price effective from Koha item type
        Indian Institute of Public Administration Indian Institute of Public Administration 1993-09-09 I513 Ar39m 46548 2018-07-21 2018-07-21 Book

Powered by Koha